| 000 | 00653nam a2200217 u 4500 | ||
|---|---|---|---|
| 005 | 20260328064232.0 | ||
| 008 | 150519s1998 mx r 000 0 spa d | ||
| 020 | _a970629161X | ||
| 035 | _aUPN01000221543 | ||
| 049 | _aI | ||
| 050 | 4 |
_aF1435.3 F6 _bE8.7 |
|
| 100 | 1 |
_aErdman, Roxanna, _d1965- _937673 |
|
| 245 | 1 | 3 |
_aLa tortuga / _ctexto y adapt. Roxanna Erdman ; il. Yadhira Corichi. |
| 260 |
_aMéxico : _bSITESA, _cc1998. |
||
| 300 |
_a[13] p. : _bprincipalmente il. |
||
| 440 | 0 | _aMitos y leyendas indígenas | |
| 650 | 4 |
_aMayas _xLeyendas _916736 |
|
| 650 | 4 |
_aLibros y lectura para niños _92290 |
|
| 905 | _aInfantil | ||
| 999 |
_c193640 _d193640 |
||